000 00433nam a22001817a 4500
003 bpm
005 20260414101648.0
008 260414b |||||||| |||| 00| p spa d
024 _aS. C. C. / M. C. y E. M.:
040 _aAR-CtUCP
041 _aspa
080 _aCDU
100 _aUNNE
245 _aAntología poesía y prosa :
_btaller literario Koeyú
650 _aLiteratura . Poesía
942 _cLIB
999 _c76632
_d76632